Welcome to the Holygrace Academy Library

Please use search bar below to get started

THE ADVENTURE OF THE CREEPING MAN; THE ADVENTURE OF THE ILLUSTRIOUS CLIENT; THE ADVENTURE OF THE LION'S MANE; THE ADVENTURE OF THE MAZARIN STONE (Record no. 3004)

MARC details
000 -LEADER
fixed length control field 00649nam a22001577a 4500
020 ## - INTERNATIONAL STANDARD BOOK NUMBER
ISBN 978-81-291-3952-8
082 ## - DEWEY DECIMAL CLASSIFICATION NUMBER
Classification number 823
Item number DOY/A
100 ## - MAIN ENTRY--AUTHOR NAME
Personal name DAYLE, ARTHUR CONAN
245 ## - TITLE STATEMENT
Title THE ADVENTURE OF THE CREEPING MAN; THE ADVENTURE OF THE ILLUSTRIOUS CLIENT; THE ADVENTURE OF THE LION'S MANE; THE ADVENTURE OF THE MAZARIN STONE
Remainder of title JUNIOR CLASSICS
246 ## - VARYING FORM OF TITLE
Title proper/short title THE ADVENTURE OF THE CREEPING MAN; THE ADVENTURE OF THE ILLUSTRIOUS CLIENT; THE ADVENTURE OF THE LION'S MANE; THE ADVENTURE OF THE MAZARIN STONE
Remainder of title JUNIOR CLASSICS
260 ## - PUBLICATION, DISTRIBUTION, ETC. (IMPRINT)
Place of publication NEW DELHI
Name of publisher RED TURTLE
Year of publication 2016
300 ## - PHYSICAL DESCRIPTION
Number of Pages 127
520 ## - SUMMARY, ETC.
Summary, etc CLASSIC STORY
650 ## - SUBJECT ADDED ENTRY--TOPICAL TERM
Topical Term CLASSIC STORY
942 ## - ADDED ENTRY ELEMENTS (KOHA)
Koha item type Books
Holdings
Withdrawn status Lost status Collection code Home library Current library Shelving location Date acquired Source of acquisition Cost, normal purchase price Full call number Accession Number Koha item type
    Fiction Main Library Main Library SHELF 4-F ENGLISH CLASSICS 18/01/2019 Purchase 140.00 823 DOY/A 10515 Books